[Event "31.Schlosspark-Open"]
[Site "Wiesbaden-Biebrich"]
[Date "2019.08.22"]
[Round "1.1"]
[White "Stork, Christopher"]
[Black "Khenkin, Igor"]
[Result "0-1"]
[WhiteElo "1905"]
[BlackElo "2547"]
[PlyCount "58"]
[EventDate "2019.??.??"]
[WhiteTeam "SV Oberursel"]
[BlackTeam "SG Turm Kiel"]

1. e4 c6 2. d4 d5 3. e5 c5 4. c3 Nc6 5. Nf3 Bg4 6. Be2 e6 7. O-O Nge7 8. Na3
Bxf3 9. Bxf3 cxd4 10. cxd4 Nf5 11. Nc2 Qb6 12. Be3 Be7 13. b3 O-O 14. Bg4 Nxe3
15. fxe3 Rac8 16. Qd3 Rc7 17. Rf2 Rfc8 18. Rxf7 Nb4 19. Nxb4 Kxf7 20. Qxh7 Rc1+
21. Rxc1 Rxc1+ 22. Kf2 Bxb4 23. Bh5+ Ke7 24. Qxg7+ Kd8 25. Qg8+ Kc7 26. Be2 Qc6
27. h4 Qc2 28. Qf7+ Kb8 29. Qxe6 Be1+ 0-1

[Event "31.Schlosspark-Open"]
[Site "Wiesbaden-Biebrich"]
[Date "2019.08.22"]
[Round "1.2"]
[White "Poetsch, Hagen"]
[Black "Pauly, Markus"]
[Result "1-0"]
[WhiteElo "2508"]
[BlackElo "1846"]
[PlyCount "47"]
[EventDate "2019.??.??"]
[WhiteTeam "SC Heusenstamm"]
[BlackTeam "Sfr. Erbach"]

1. e4 g6 2. d4 Bg7 3. Nc3 c5 4. Nf3 cxd4 5. Nxd4 Nc6 6. Be3 Nf6 7. Bc4 d6 8. f3
Qb6 9. Nf5 Qxb2 10. Nxg7+ Kf8 11. Nd5 Nxd5 12. Bxd5 Kxg7 13. O-O Qc3 14. Re1 f6
15. Rb1 h5 16. Rb5 a6 17. Rb3 Qa5 18. Bb6 Qa4 19. Ree3 Ne5 20. Rec3 Qe8 21. Rc7
Nc6 22. Bxc6 bxc6 23. Qxd6 Kf7 24. Bc5 1-0

[Event "31.Schlosspark-Open"]
[Site "Wiesbaden-Biebrich"]
[Date "2019.08.22"]
[Round "1.3"]
[White "Hagner, Bennet"]
[Black "Milov, Leonid"]
[Result "0-1"]
[WhiteElo "1847"]
[BlackElo "2455"]
[PlyCount "60"]
[EventDate "2019.??.??"]
[WhiteTeam "Frankfurter TV"]
[BlackTeam "SC Noris-Tarrasch Nürnberg"]

1. e4 c5 2. Nf3 e6 3. d4 cxd4 4. Nxd4 Nc6 5. Nc3 Qc7 6. Nb3 a6 7. Bd3 b5 8. O-O
Nf6 9. a3 Bb7 10. f4 h5 11. Kh1 Na5 12. Nxa5 Qxa5 13. Be3 h4 14. Qd2 Qc7 15.
Bd4 h3 16. g3 Bc5 17. Bxc5 Qxc5 18. Qf2 d6 19. Kg1 O-O-O 20. Rae1 Ng4 21. Qxc5+
dxc5 22. b3 Kb8 23. a4 c4 24. bxc4 bxc4 25. Bxc4 Rc8 26. Be2 Ne3 27. Rf3 Rxc3
28. Rb1 Ka7 29. g4 Bxe4 30. Rg3 Nd5 0-1

[Event "31.Schlosspark-Open"]
[Site "Wiesbaden-Biebrich"]
[Date "2019.08.22"]
[Round "1.4"]
[White "Carow, Johannes"]
[Black "Eg, Karlheinz"]
[Result "1-0"]
[WhiteElo "2423"]
[BlackElo "1888"]
[PlyCount "77"]
[EventDate "2019.??.??"]
[WhiteTeam "SF Heidesheim"]
[BlackTeam "SV Rüsselsheim"]

1. c4 Nf6 2. Nc3 e5 3. Nf3 Nc6 4. d4 exd4 5. Nxd4 Bc5 6. Nxc6 bxc6 7. g3 Ba6 8.
Qa4 Bb7 9. Bg2 O-O 10. O-O Qe7 11. Qc2 Rad8 12. Na4 Bd6 13. Rd1 Qe6 14. b3 Rfe8
15. e3 Ng4 16. h3 Nf6 17. Bb2 Bf8 18. Nc3 Ba8 19. Rd3 d6 20. Rad1 Nd7 21. Ne2
Ne5 22. R3d2 Qh6 23. c5 d5 24. Bd4 Bb7 25. Qc3 Ng6 26. Qa5 Bc8 27. Kh2 Ne5 28.
Bxe5 Rxe5 29. Qxc7 Rde8 30. Qxa7 g5 31. Rd4 Rf5 32. Kg1 Qf6 33. Rf1 Bg7 34. Rb4
Qh6 35. Nd4 Rf6 36. Rb8 Kf8 37. g4 Rg6 38. Rxc8 Rxc8 39. Nf5 1-0

[Event "31.Schlosspark-Open"]
[Site "Wiesbaden-Biebrich"]
[Date "2019.08.22"]
[Round "1.5"]
[White "Lehnert, Michael"]
[Black "Inkiov, Ventzislav"]
[Result "0-1"]
[WhiteElo "1887"]
[BlackElo "2418"]
[PlyCount "55"]
[EventDate "2019.??.??"]
[WhiteTeam "FC Bayern München"]
[BlackTeam "SC Ötigheim"]

1. c4 Nf6 2. g3 e6 3. Bg2 d5 4. b3 c5 5. cxd5 exd5 6. Bb2 Nc6 7. Nf3 d4 8. d3
Be7 9. O-O O-O 10. e4 dxe3 11. fxe3 Nb4 12. Ne5 Nfd5 13. Qe2 Bg5 14. Nc4 b5 15.
e4 bxc4 16. exd5 cxd3 17. Qf3 Bb7 18. Nc3 Bf6 19. Rab1 Ba6 20. Ne4 Bxb2 21.
Rxb2 Qxd5 22. a3 Qd4+ 23. Rbf2 d2 24. Rd1 Nd3 25. Rdxd2 Rae8 26. h4 h6 27. Kh2
f5 28. Bh3 0-1

[Event "31.Schlosspark-Open"]
[Site "Wiesbaden-Biebrich"]
[Date "2019.08.22"]
[Round "1.7"]
[White "Brechlin, Olaf"]
[Black "Boidman, Yuri"]
[Result "1/2-1/2"]
[WhiteElo "1840"]
[BlackElo "2374"]
[PlyCount "117"]
[EventDate "2019.??.??"]
[WhiteTeam "FVS ASP Hoyerswerda"]
[BlackTeam "SC Heimbach-Weis"]

1. Nc3 d5 2. e4 d4 3. Nce2 e5 4. Ng3 Be6 5. Bb5+ c6 6. Ba4 Nd7 7. Bb3 Bxb3 8.
axb3 d3 9. c3 Nc5 10. b4 Ne6 11. Nf3 f6 12. O-O g6 13. Qb3 Nf4 14. b5 Qb6 15.
c4 Bc5 16. Qa4 a5 17. bxc6 bxc6 18. b3 Ne7 19. Ba3 Kf7 20. Bxc5 Qxc5 21. Qa3
Qxa3 22. Rxa3 c5 23. Rfa1 Nc6 24. Nf1 Ne2+ 25. Kh1 Ned4 26. Nxd4 exd4 27. f4
Rhb8 28. g4 Rb4 29. Ng3 Rab8 30. e5 fxe5 31. fxe5 Rxb3 32. Ne4 Rxa3 33. Rxa3
Nxe5 34. Nxc5 Rb1+ 35. Kg2 Rd1 36. Ne4 Rc1 37. Ng5+ Kf6 38. Nxh7+ Kg7 39. Ng5
Rc2 40. Kg3 Rxd2 41. Rxa5 Re2 42. Ne6+ Kf7 43. Nxd4 Re4 44. Nf3 Nxf3 45. Kxf3
Rxc4 46. Rd5 Rc3 47. Kf4 Ke6 48. Rd8 Rc4+ 49. Kf3 Rc3 50. Kf4 Ke7 51. Rd4 Ke6
52. h4 Kf6 53. Ke4 d2 54. Rd6+ Kg7 55. Rxd2 Rc1 56. Rd7+ Kh6 57. Rd6 Rc4+ 58.
Rd4 Rc1 59. Kf4 1/2-1/2

[Event "31.Schlosspark-Open"]
[Site "Wiesbaden-Biebrich"]
[Date "2019.08.22"]
[Round "1.8"]
[White "Scholz, Christian"]
[Black "Froehlich-Dill, Astrid"]
[Result "1-0"]
[WhiteElo "2372"]
[BlackElo "1866"]
[PlyCount "93"]
[EventDate "2019.??.??"]
[WhiteTeam "SC Hansa Dortmund"]
[BlackTeam "SV Hofheim"]

1. d4 Nf6 2. c4 e6 3. Nf3 b6 4. a3 Bb7 5. Nc3 Be7 6. Qc2 c5 7. d5 Ba6 8. e4 d6
9. dxe6 fxe6 10. e5 dxe5 11. Ng5 Qd7 12. Bd3 Nc6 13. Be3 O-O-O 14. O-O-O Nd4
15. Bxd4 cxd4 16. Nxe6 Kb8 17. Nxd8 Rxd8 18. Ne4 g6 19. Nxf6 Bxf6 20. f3 Rc8
21. Kb1 Qc7 22. b3 Be7 23. Ka2 b5 24. Qb2 b4 25. a4 Bg5 26. Qc2 Qe7 27. Be4 Rc5
28. Qf2 Ra5 29. h4 Be3 30. Qc2 Bc8 31. g3 Qf7 32. Rdf1 Be6 33. Kb2 Qg7 34. Qd3
Qh6 35. Kc2 Rc5 36. f4 exf4 37. gxf4 Rh5 38. f5 gxf5 39. Bxf5 Bxf5 40. Rxf5
Rxh4 41. Rxh4 Qxh4 42. Rf8+ Kc7 43. Rf7+ Kb8 44. Qxh7 d3+ 45. Qxd3 Qh2+ 46. Kb1
Qg1+ 47. Rf1 1-0

[Event "31.Schlosspark-Open"]
[Site "Wiesbaden-Biebrich"]
[Date "2019.08.22"]
[Round "1.9"]
[White "Schellen, Sven"]
[Black "Keller, Peter"]
[Result "0-1"]
[WhiteElo "1855"]
[BlackElo "2342"]
[PlyCount "82"]
[EventDate "2019.??.??"]
[WhiteTeam "SV Frankfurt Nord"]
[BlackTeam "SK Bickenbach"]

1. d4 Nf6 2. c4 e6 3. Nf3 b6 4. g3 Ba6 5. Qc2 Bb7 6. Bg2 c5 7. O-O cxd4 8. Nxd4
Bxg2 9. Kxg2 a6 10. Rd1 Qc7 11. e4 d6 12. Qe2 Nbd7 13. b3 Be7 14. Bb2 O-O 15.
Nc3 Rfe8 16. Rac1 Rac8 17. f4 Qb7 18. Qf3 Nc5 19. Re1 Qa8 20. Rcd1 Bf8 21. Nc2
Red8 22. e5 dxe5 23. fxe5 Ng4 24. Rxd8 Rxd8 25. Qxa8 Rxa8 26. Re2 Nd3 27. Nd1
Rd8 28. Kf3 Ndxe5+ 29. Bxe5 Nxe5+ 30. Rxe5 Rxd1 31. Re2 a5 32. Ke4 f6 33. Nd4
Kf7 34. Nc6 h5 35. Rc2 Bc5 36. Na7 g5 37. Nb5 g4 38. a3 f5+ 39. Ke5 Re1+ 40.
Kf4 Kf6 41. Nc3 e5# 0-1

[Event "31.Schlosspark-Open"]
[Site "Wiesbaden-Biebrich"]
[Date "2019.08.22"]
[Round "1.10"]
[White "Neukirchner, Pascal"]
[Black "Schmieder, Stefan"]
[Result "1-0"]
[WhiteElo "2328"]
[BlackElo "1847"]
[PlyCount "65"]
[EventDate "2019.??.??"]
[WhiteTeam "SK Gründau"]
[BlackTeam "vereinslos"]

1. Nf3 Nf6 2. g3 g6 3. b3 Bg7 4. Bb2 d5 5. c4 c6 6. Bg2 O-O 7. O-O Bf5 8. d3
Qc8 9. Re1 Rd8 10. Nbd2 Bh3 11. Bh1 Bg4 12. Qc2 Na6 13. a3 Qf5 14. Rac1 Rac8
15. b4 Nc7 16. c5 Ne6 17. Nb3 Bxf3 18. exf3 d4 19. Na5 Rc7 20. Nc4 Nd5 21. f4
Nexf4 22. gxf4 Qg4+ 23. Bg2 Nxf4 24. f3 Qh4 25. Rcd1 Rd5 26. Bc1 Bh6 27. Qf2
Qh5 28. Re4 e5 29. Nxe5 Rxe5 30. Rxf4 Bxf4 31. Bxf4 Rce7 32. Bxe5 Qxe5 33. f4
1-0

[Event "31.Schlosspark-Open"]
[Site "Wiesbaden-Biebrich"]
[Date "2019.08.22"]
[Round "1.11"]
[White "Launert, Martin"]
[Black "Stork, Oliver"]
[Result "0-1"]
[WhiteElo "1837"]
[BlackElo "2322"]
[PlyCount "58"]
[EventDate "2019.??.??"]
[WhiteTeam "Sfr. Erbach"]
[BlackTeam "SV Oberursel"]

1. e4 e5 2. Nf3 Nc6 3. Bb5 Nge7 4. d4 exd4 5. Nxd4 Nxd4 6. Qxd4 Nc6 7. Bxc6
dxc6 8. Qxd8+ Kxd8 9. Be3 Bd6 10. Nd2 Be6 11. f4 f6 12. Nf3 Re8 13. O-O-O Bg4
14. h3 Bh5 15. g4 Rxe4 16. Bc5 Bf7 17. Bxd6 cxd6 18. Rxd6+ Kc7 19. Rd4 Rae8 20.
Rxe4 Rxe4 21. Re1 Rxe1+ 22. Nxe1 Kd6 23. Nd3 Kd5 24. Kd2 Ke4 25. g5 b6 26. h4
c5 27. b3 c4 28. bxc4 Bxc4 29. gxf6 gxf6 0-1

[Event "31.Schlosspark-Open"]
[Site "Wiesbaden-Biebrich"]
[Date "2019.08.22"]
[Round "1.12"]
[White "Ehmann, Thilo"]
[Black "Wunschik, Joachim"]
[Result "1-0"]
[WhiteElo "2315"]
[BlackElo "1837"]
[PlyCount "73"]
[EventDate "2019.??.??"]
[WhiteTeam "SF Sasbach"]
[BlackTeam "SV Rüsselsheim"]

1. e4 e6 2. d4 d5 3. Nd2 dxe4 4. Nxe4 Nd7 5. Nf3 Ngf6 6. Bg5 Be7 7. Nxf6+ Bxf6
8. Qd2 Bxg5 9. Nxg5 Nf6 10. O-O-O h6 11. Nf3 c6 12. Kb1 Bd7 13. Ne5 Qe7 14. Bd3
O-O-O 15. c4 Be8 16. Qc3 Kb8 17. Rhe1 Qc7 18. Bc2 h5 19. Qg3 Ng4 20. h3 Nxe5
21. dxe5 Rxd1+ 22. Rxd1 g6 23. Qg5 Kc8 24. Qf6 Rg8 25. Rd6 c5 26. Be4 Bc6 27.
Bxc6 bxc6 28. Qf3 Kb8 29. Qxc6 Qxc6 30. Rxc6 Rc8 31. Rxc8+ Kxc8 32. Kc2 Kd7 33.
h4 Ke7 34. a3 f6 35. exf6+ Kxf6 36. b4 Ke5 37. bxc5 1-0

[Event "31.Schlosspark-Open"]
[Site "Wiesbaden-Biebrich"]
[Date "2019.08.22"]
[Round "1.13"]
[White "Seidel, Martin"]
[Black "Weber, Samuel"]
[Result "0-1"]
[WhiteElo "1827"]
[BlackElo "2287"]
[PlyCount "66"]
[EventDate "2019.??.??"]
[WhiteTeam "SV Hennef"]
[BlackTeam "SV Oberursel"]

1. d4 Nf6 2. Bg5 d5 3. e3 Nbd7 4. Bd3 c6 5. c3 e5 6. Nd2 Be7 7. f4 e4 8. Be2 h6
9. Bh4 Nf8 10. c4 g5 11. Bg3 gxf4 12. Bxf4 Ng6 13. Bg3 h5 14. cxd5 Nxd5 15. Qb3
Qa5 16. O-O-O Be6 17. Nc4 Qb4 18. Qxb4 Nxb4 19. a3 Nd5 20. Bf2 b5 21. Nd2 f5
22. Nh3 a5 23. Kc2 a4 24. Rb1 b4 25. Nc4 f4 26. axb4 Bxh3 27. gxh3 f3 28. Bf1
Nxb4+ 29. Kd2 c5 30. Rg1 Kf7 31. dxc5 Rhd8+ 32. Kc1 Rac8 33. b3 Rxc5 0-1

[Event "31.Schlosspark-Open"]
[Site "Wiesbaden-Biebrich"]
[Date "2019.08.22"]
[Round "1.14"]
[White "Euler, Gerd"]
[Black "Bjoerknes, Uwe"]
[Result "1-0"]
[WhiteElo "2263"]
[BlackElo "1825"]
[PlyCount "33"]
[EventDate "2019.??.??"]
[WhiteTeam "SSG Hungen-Lich"]
[BlackTeam "SK Bad Homburg"]

1. e4 c5 2. Nf3 e6 3. d4 Qc7 4. d5 d6 5. dxe6 Bxe6 6. Ng5 Nf6 7. Nc3 a6 8. Nxe6
fxe6 9. Bc4 Qd7 10. a4 Nc6 11. O-O Na5 12. Ba2 Be7 13. Qf3 O-O 14. Qh3 c4 15.
Rd1 Qc8 16. Be3 Ne8 17. Bb6 1-0

[Event "31.Schlosspark-Open"]
[Site "Wiesbaden-Biebrich"]
[Date "2019.08.22"]
[Round "1.15"]
[White "Knoedler, Marcel"]
[Black "Donchenko, Anatoly"]
[Result "0-1"]
[WhiteElo "1647"]
[BlackElo "2249"]
[PlyCount "96"]
[EventDate "2019.??.??"]
[WhiteTeam "FC Bierstadt"]
[BlackTeam "SK Gießen"]

1. c4 e6 2. Nc3 d5 3. d4 Nf6 4. Nf3 dxc4 5. e3 c5 6. Bxc4 a6 7. a4 Nc6 8. O-O
Bd6 9. dxc5 Bxc5 10. Qxd8+ Kxd8 11. Rd1+ Ke7 12. e4 Ng4 13. Bg5+ f6 14. Bh4 Bd7
15. Be2 Rhd8 16. Kf1 Be8 17. Bg3 Rac8 18. h3 Nge5 19. Nxe5 Nxe5 20. f4 Nc6 21.
f5 Bf7 22. fxe6 Bxe6 23. Nd5+ Bxd5 24. exd5 Nd4 25. Bg4 f5 26. Bh4+ Kd6 27.
Bxd8 Rxd8 28. Bf3 Nc2 29. Rac1 Ne3+ 30. Ke2 Nxd1 31. Kxd1 Re8 32. Rc2 g6 33.
Re2 Re5 34. Kd2 h5 35. Rxe5 Kxe5 36. Kd3 b5 37. axb5 axb5 38. Kc3 h4 39. b4 Bd6
40. Be2 Kf4 41. Bxb5 Kg3 42. Be8 Kxg2 43. Bxg6 f4 44. b5 Kxh3 45. Kd3 Kg3 46.
Ke2 f3+ 47. Kf1 Bc5 48. d6 h3 0-1

[Event "31.Schlosspark-Open"]
[Site "Wiesbaden-Biebrich"]
[Date "2019.08.22"]
[Round "1.16"]
[White "Nagel, Bernhard"]
[Black "Koerbel, Ekkehard"]
[Result "1-0"]
[WhiteElo "2228"]
[BlackElo "1820"]
[PlyCount "57"]
[EventDate "2019.??.??"]
[WhiteTeam "Kölner SK Dr. Lasker"]
[BlackTeam "SK Geisenheim"]

1. c4 e5 2. Nc3 Nc6 3. Nf3 g6 4. d4 exd4 5. Nxd4 Bg7 6. Nxc6 bxc6 7. e4 Qe7 8.
Bd3 Nf6 9. O-O O-O 10. Bf4 d6 11. Qd2 Rb8 12. Rfe1 Ng4 13. Bf1 Be6 14. Rac1 Qf6
15. h3 Ne5 16. Bg5 Rxb2 17. Qe3 Nxc4 18. Bxc4 Qe5 19. Re2 Rfb8 20. Rxb2 Rxb2
21. Bxe6 fxe6 22. Bf4 Qa5 23. e5 d5 24. Bg3 Qa3 25. Nxd5 Qxa2 26. Nf6+ Kh8 27.
Kh2 Rd2 28. Qe4 Qb2 29. Rb1 1-0

[Event "31.Schlosspark-Open"]
[Site "Wiesbaden-Biebrich"]
[Date "2019.08.22"]
[Round "1.17"]
[White "Schubert, Wolfgang"]
[Black "Hebbering, Tom Elliot"]
[Result "0-1"]
[WhiteElo "1820"]
[BlackElo "2220"]
[PlyCount "92"]
[EventDate "2019.??.??"]
[WhiteTeam "Wiesbadener SV"]
[BlackTeam "SK Gernsheim"]

{[%evp 0,92,24,10,51,45,56,48,48,15,30,-22,-23,-1,22,27,46,7,12,-16,-13,-26,5,
-4,32,9,28,28,27,23,53,0,7,11,12,-11,9,-14,7,-1,44,-18,-21,-15,-6,-30,-5,-13,
-10,-16,-20,-34,-24,-42,-13,-47,-50,-53,-55,-117,-127,-132,-119,-119,-100,-100,
-106,-135,-102,-113,-67,-67,-74,-64,-92,-139,-186,-193,-193,-193,-81,-219,-286,
-369,-377,-396,-435,-561,-663,-791,-1036,-1237,-1195,-1237,-1344]} 1. e4 c5 2.
Nf3 e6 3. d4 cxd4 4. Nxd4 Nc6 5. Nb3 Nf6 6. Bd3 Nb4 7. O-O Nxd3 8. cxd3 Be7 9.
Be3 O-O 10. Nc3 d6 11. Rc1 Bd7 12. d4 d5 13. e5 Ne8 14. f4 f5 15. g4 g6 16. g5
Nc7 17. Rf2 b6 18. h4 a5 19. Rh2 Rf7 20. Kf2 h5 21. Ne2 Be8 22. Ng3 Rg7 23. Kf3
a4 24. Nd2 Bf8 25. Nb1 Na6 26. b3 a3 27. Nh1 Nb4 28. Nc3 Rc7 29. Rd2 Rac8 30.
Ne2 Bb5 31. Rxc7 Qxc7 32. Nf2 Qb7 33. Nc1 Qa6 34. Nfd3 Nxd3 35. Nxd3 Rc3 36.
Ne1 Qc8 37. Rc2 Rxc2 38. Nxc2 Qc3 39. Qd2 Qd3 40. b4 Qf1+ 41. Bf2 Bd3 42. Ne1
Be4+ 43. Kg3 Qc4 44. b5 Bb4 45. Qd1 Qxa2 46. Qa4 Ba5 0-1

[Event "31.Schlosspark-Open"]
[Site "Wiesbaden-Biebrich"]
[Date "2019.08.22"]
[Round "1.18"]
[White "Haag, Martin"]
[Black "Yue, Qizhou"]
[Result "1/2-1/2"]
[WhiteElo "2200"]
[BlackElo "1820"]
[PlyCount "84"]
[EventDate "2019.??.??"]
[WhiteTeam "SC Bonn Beuel"]
[BlackTeam "SV Multatuli Ingelheim e.V."]

1. c4 e5 2. Nc3 Nf6 3. Nf3 Nc6 4. e3 d5 5. cxd5 Nxd5 6. Qc2 Be6 7. a3 a5 8. Bb5
f6 9. d4 Nxc3 10. Qxc3 Qd5 11. Bxc6+ bxc6 12. dxe5 Bg4 13. O-O Bxf3 14. gxf3
Qxf3 15. Qc4 fxe5 16. Qe6+ Be7 17. e4 Qf6 18. Qc4 Rd8 19. Be3 Rd6 20. f3 Rf8
21. Rac1 Qh4 22. Rf2 Qh3 23. Qe2 Rg6+ 24. Kh1 Bh4 25. Rff1 Rff6 26. f4 Rg3 27.
Bg1 exf4 28. Rf2 f3 29. Qf1 Rxg1+ 30. Qxg1 Bxf2 31. Qxf2 Rg6 32. Rg1 Rxg1+ 33.
Qxg1 Kf7 34. Qf2 Ke6 35. Kg1 c5 36. Qc2 Ke5 37. Qxc5+ Kxe4 38. Qc4+ Ke3 39.
Qc3+ Ke4 40. Qc6+ Ke3 41. Qc3+ Ke4 42. Qc6+ Ke3 1/2-1/2

[Event "31.Schlosspark-Open"]
[Site "Wiesbaden-Biebrich"]
[Date "2019.08.22"]
[Round "1.19"]
[White "Schmitt, Clemens"]
[Black "Everett, Elijah"]
[Result "0-1"]
[WhiteElo "1813"]
[BlackElo "2203"]
[PlyCount "64"]
[EventDate "2019.??.??"]
[WhiteTeam "SV Bergwinkel"]
[BlackTeam "SF Schöneck"]

1. c4 g6 2. g3 Bg7 3. Bg2 Nf6 4. Nc3 O-O 5. e4 d6 6. Nge2 c5 7. O-O Nc6 8. d3
Ne8 9. Be3 Nd4 10. Nd5 e6 11. Ndc3 Nc7 12. Qd2 Bd7 13. Rab1 a5 14. Bh6 Bc6 15.
Bxg7 Kxg7 16. f4 Qd7 17. Nxd4 cxd4 18. Ne2 e5 19. f5 f6 20. h4 Na6 21. Kh2 Nc5
22. b3 b5 23. Bh3 Qb7 24. Rbc1 bxc4 25. bxc4 Qb4 26. Qxb4 axb4 27. Ra1 Nxd3 28.
Bg2 Nc5 29. fxg6 hxg6 30. Bf3 d3 31. Nc1 Ra3 32. Rd1 f5 0-1

[Event "31.Schlosspark-Open"]
[Site "Wiesbaden-Biebrich"]
[Date "2019.08.22"]
[Round "1.20"]
[White "Jahnel, Guenther"]
[Black "Giesau, Bernhard"]
[Result "1-0"]
[WhiteElo "2188"]
[BlackElo "1811"]
[PlyCount "69"]
[EventDate "2019.??.??"]
[WhiteTeam "FVS ASP Hoyerswerda"]
[BlackTeam "SK Gau-Algesheim"]

1. d4 d5 2. c4 c6 3. Nf3 Nf6 4. Nc3 e6 5. Bg5 Be7 6. e3 Nbd7 7. Qc2 Bd6 8. Bd3
dxc4 9. Bxc4 Qc7 10. O-O O-O 11. Bd3 h6 12. Bh4 e5 13. Rfe1 exd4 14. exd4 b6
15. Rac1 Bf4 16. Bg3 Bxg3 17. hxg3 Bb7 18. Nh4 Rac8 19. Nf5 Rce8 20. Nb5 Rxe1+
21. Rxe1 Qd8 22. Nbd6 Ba8 23. Qd2 Nd5 24. Nxg7 Qg5 25. Qxg5 hxg5 26. Ngf5 N7f6
27. Re5 Nd7 28. Re2 N7f6 29. Bc4 Kh8 30. f3 Kh7 31. Kf2 Nd7 32. Bxd5 cxd5 33.
b4 Kg6 34. Re7 Nb8 35. b5 1-0

[Event "31.Schlosspark-Open"]
[Site "Wiesbaden-Biebrich"]
[Date "2019.08.22"]
[Round "1.21"]
[White "Hipler, Andreas"]
[Black "Kiefer, Daniel"]
[Result "0-1"]
[WhiteElo "1801"]
[BlackElo "2133"]
[PlyCount "90"]
[EventDate "2019.??.??"]
[WhiteTeam "SK Gau-Algesheim"]
[BlackTeam "SF Mainz"]

1. d4 f5 2. Nf3 Nf6 3. g3 g6 4. Bg2 Bg7 5. O-O O-O 6. c4 d6 7. Nc3 Qe8 8. Bf4
Nh5 9. Qd2 Nxf4 10. Qxf4 e5 11. dxe5 dxe5 12. Qd2 e4 13. Nd4 Nc6 14. Ndb5 Qf7
15. Rad1 a6 16. Na3 Be6 17. b3 Rad8 18. Qc1 Nd4 19. f3 exf3 20. Bxf3 Nxf3+ 21.
exf3 Bd4+ 22. Kg2 Qg7 23. Nab1 f4 24. Ne4 Bf5 25. Nbc3 h5 26. gxf4 Rfe8 27.
Rfe1 c6 28. Re2 b5 29. Rde1 Kh8 30. Nd1 Bc8 31. Ng5 Rxe2+ 32. Rxe2 Qf6 33. Nf2
Rf8 34. Nd3 Qf5 35. Qa3 c5 36. Ne5 Qb1 37. Nh3 Bxh3+ 38. Kxh3 Qf1+ 39. Rg2 Bxe5
40. Qxa6 Qxf3+ 41. Rg3 Qf1+ 42. Rg2 Qd3+ 43. Rg3 Qf5+ 44. Kg2 Qxf4 45. Qxg6
Qf1# 0-1

[Event "31.Schlosspark-Open"]
[Site "Wiesbaden-Biebrich"]
[Date "2019.08.22"]
[Round "1.22"]
[White "Tischendorf, Michael"]
[Black "Ohler, Julius"]
[Result "1-0"]
[WhiteElo "2165"]
[BlackElo "1798"]
[PlyCount "45"]
[EventDate "2019.??.??"]
[WhiteTeam "SV Hofheim"]
[BlackTeam "SG Trier"]

1. d4 d5 2. Nc3 Nf6 3. Bf4 c6 4. e3 Bf5 5. f3 e6 6. g4 Bg6 7. h4 h6 8. Bd3 Bxd3
9. Qxd3 Bd6 10. Nge2 Bxf4 11. Nxf4 Qb6 12. O-O-O Na6 13. g5 Nd7 14. g6 f6 15.
Nxe6 Rg8 16. e4 Nb4 17. Qe3 Rc8 18. Rhe1 Qa5 19. exd5 Nxd5 20. Nxd5 cxd5 21.
Nc5+ Ne5 22. Nb3 Qxa2 23. dxe5 1-0

[Event "31.Schlosspark-Open"]
[Site "Wiesbaden-Biebrich"]
[Date "2019.08.22"]
[Round "1.23"]
[White "Merges, Harald"]
[Black "Ruppert, Wolfgang"]
[Result "0-1"]
[WhiteElo "1797"]
[BlackElo "2145"]
[PlyCount "54"]
[EventDate "2019.??.??"]
[WhiteTeam "SG Reil-Kinheim"]
[BlackTeam "SC Flörsheim"]

1. e4 c5 2. c3 Nf6 3. e5 Nd5 4. d4 e6 5. Nf3 Nc6 6. Bc4 Nb6 7. Bd3 cxd4 8. cxd4
d6 9. O-O Be7 10. Nc3 O-O 11. Bf4 a5 12. Nb5 dxe5 13. dxe5 a4 14. Bc2 Qxd1 15.
Raxd1 Nd5 16. Bg3 Ncb4 17. Bb1 Bd7 18. Nbd4 a3 19. b3 Rfc8 20. Rd2 Rc7 21. Ne1
h5 22. h4 Nc3 23. Nd3 Ne4 24. Rdd1 Nd5 25. Kh2 Rac8 26. Nf4 Nxg3 27. fxg3 Ne3
0-1

[Event "31.Schlosspark-Open"]
[Site "Wiesbaden-Biebrich"]
[Date "2019.08.22"]
[Round "1.24"]
[White "Henrich, Thomas"]
[Black "Rabiya, Karim"]
[Result "1-0"]
[WhiteElo "2150"]
[BlackElo "1797"]
[PlyCount "43"]
[EventDate "2019.??.??"]
[WhiteTeam "SK Marburg"]
[BlackTeam "SK Niederbrechen"]

1. e4 Nf6 2. e5 Nd5 3. Nf3 d6 4. d4 c5 5. dxc5 Qa5+ 6. Nbd2 dxe5 7. Nxe5 Nc6 8.
Nd3 Bf5 9. Qf3 e6 10. c3 Bxc5 11. Nb3 Nd4 12. Nxa5 Nxf3+ 13. gxf3 Bxd3 14. Bxd3
O-O-O 15. Nb3 Bb6 16. Be4 f5 17. Bxd5 Rxd5 18. Be3 Rhd8 19. Bxb6 axb6 20. f4 g5
21. fxg5 e5 22. Ke2 1-0

[Event "31.Schlosspark-Open"]
[Site "Wiesbaden-Biebrich"]
[Date "2019.08.22"]
[Round "1.25"]
[White "Zeyen, Helmut"]
[Black "Musiolik, David"]
[Result "0-1"]
[WhiteElo "1796"]
[BlackElo "2148"]
[PlyCount "104"]
[EventDate "2019.??.??"]
[WhiteTeam "Wiesbadener SV"]
[BlackTeam "SV Worms"]

1. e4 e6 2. Qe2 c5 3. d3 Nc6 4. Nf3 Nf6 5. Nc3 Be7 6. h3 d5 7. e5 Nd7 8. Bf4
Nd4 9. Qd2 O-O 10. Be2 f6 11. exf6 Bxf6 12. Bd6 Rf7 13. Nxd4 Bxd4 14. Bg3 Qb6
15. Rb1 Nf6 16. Nd1 c4 17. c3 cxd3 18. Bxd3 Bc5 19. b4 Bd6 20. Bxd6 Qxd6 21.
Ne3 b5 22. Ng4 Bd7 23. Qg5 Kh8 24. Ne5 Re7 25. Qf4 Kg8 26. Qg3 Be8 27. Ng6 Rd7
28. Ne5 Rc7 29. O-O Rac8 30. Rb3 Nd7 31. Re1 Nxe5 32. Rxe5 g6 33. Re3 Qxg3 34.
fxg3 Kf7 35. Be2 Ke7 36. Ra3 Bd7 37. Bg4 Kd6 38. Ra6+ Rc6 39. Rxa7 Rxc3 40.
Ra6+ R8c6 41. Rxc6+ Rxc6 42. Re2 Rc4 43. Rb2 h5 44. Be2 Rc3 45. Kf2 e5 46. Bd1
e4 47. Bb3 Ke5 48. Re2 d4 49. Bf7 e3+ 50. Kg1 Bf5 51. Be8 Rc1+ 52. Kh2 Bd3 0-1

[Event "31.Schlosspark-Open"]
[Site "Wiesbaden-Biebrich"]
[Date "2019.08.22"]
[Round "1.26"]
[White "Guelsen, Taylan"]
[Black "Scheer, Walter"]
[Result "1-0"]
[WhiteElo "2144"]
[BlackElo "1796"]
[PlyCount "89"]
[EventDate "2019.??.??"]
[WhiteTeam "SG Niederkassel"]
[BlackTeam "SK Mainaschaff"]

1. d4 d5 2. Nf3 Nf6 3. c4 e6 4. g3 dxc4 5. Bg2 Bd7 6. Ne5 Bc6 7. Nxc6 Nxc6 8.
Qa4 Qd7 9. e3 Rb8 10. Qxc4 Nd5 11. O-O b5 12. Qe2 Be7 13. Rd1 O-O 14. e4 Nf6
15. Be3 Rfd8 16. d5 exd5 17. exd5 Nb4 18. Nc3 a5 19. a3 Na6 20. Ba7 Ra8 21.
Nxb5 Bc5 22. Bxc5 Nxc5 23. Qc4 Rab8 24. a4 Na6 25. Rac1 Ne8 26. Qc6 Rb6 27.
Qxd7 Rxd7 28. Re1 Kf8 29. Rc6 Rxc6 30. dxc6 Rd2 31. b3 Nc5 32. Re3 Nd3 33. f4
Rd1+ 34. Bf1 Nb4 35. Rc3 Nd5 36. Rd3 Rxd3 37. Bxd3 Nb6 38. Be4 Ke7 39. Kf2 Nd6
40. Ke3 Nxe4 41. Kxe4 Kd8 42. Nd4 Ke7 43. g4 g6 44. Nb5 Kd8 45. Ke5 1-0

[Event "31.Schlosspark-Open"]
[Site "Wiesbaden-Biebrich"]
[Date "2019.08.22"]
[Round "1.27"]
[White "Meyer, Marcel"]
[Black "Vakulenko, Oleksandr"]
[Result "0-1"]
[WhiteElo "1770"]
[BlackElo "2144"]
[PlyCount "50"]
[EventDate "2019.??.??"]
[WhiteTeam "SC Herborn"]
[BlackTeam "Gambit Kiew"]

1. d4 d5 2. c4 Nc6 3. e3 e5 4. dxe5 d4 5. a3 Be6 6. Nf3 dxe3 7. Qxd8+ Rxd8 8.
Bxe3 Nge7 9. Be2 Ng6 10. O-O Ngxe5 11. Nbd2 Be7 12. Rac1 O-O 13. Rfd1 a5 14.
Bf4 Bf6 15. Nxe5 Bxe5 16. Bxe5 Nxe5 17. b3 a4 18. b4 Rd7 19. c5 Nd3 20. Rb1
Rfd8 21. Nf3 Nf4 22. Kf1 Bc4 23. Rxd7 Bxe2+ 24. Ke1 Rxd7 25. c6 Re7 0-1

[Event "31.Schlosspark-Open"]
[Site "Wiesbaden-Biebrich"]
[Date "2019.08.22"]
[Round "1.28"]
[White "Hoffmann, Jens"]
[Black "Markosyan, Aleksandr"]
[Result "1-0"]
[WhiteElo "2143"]
[BlackElo "1730"]
[PlyCount "51"]
[EventDate "2019.??.??"]
[WhiteTeam "SF HN-Biberach"]
[BlackTeam "SG Idstein"]

1. e4 c5 2. Nc3 g6 3. g3 Nc6 4. Bg2 Bg7 5. Nge2 d6 6. O-O e5 7. d3 Nge7 8. Nd5
Bg4 9. Bg5 Bxe2 10. Qxe2 h6 11. Bf6 O-O 12. c3 Qd7 13. Bxg7 Kxg7 14. f4 exf4
15. Nxf4 Rae8 16. Rae1 Ne5 17. d4 cxd4 18. cxd4 N5c6 19. Qf2 f5 20. d5 Nd8 21.
Qxa7 g5 22. Qd4+ Kh7 23. Nh5 Ng8 24. exf5 Rxe1 25. Rxe1 Rxf5 26. Be4 1-0